| 000 | 00761nam a2200241 i 4500 | ||
|---|---|---|---|
| 001 | 25197 | ||
| 003 | ES-MaACL | ||
| 005 | 20230906153217.0 | ||
| 007 | t| | ||
| 008 | 021220s1985 sp ||||1| spa d | ||
| 020 | _a94-249-0997-6 | ||
| 100 | 1 |
_aApolodoro. _922098 |
|
| 245 | 1 | 0 |
_aBiblioteca / _cApolodoro ; introducción de Javier Arce ; traducción y notas de Margarita Rodríguez Sepúlveda. |
| 260 |
_aMadrid : _bGredos, _c1985. |
||
| 300 |
_a302 p. ; _c20 cm. |
||
| 490 | 1 |
_aBiblioteca clásica Gredos ; _v85 |
|
| 500 | _aIndice. | ||
| 700 | 1 |
_aArce, Javier. _922450 |
|
| 700 | 1 |
_aRodríguez de Sepúlveda, Margarita. _998474 |
|
| 830 | 0 |
_aBiblioteca clásica Gredos ; _v85 _9177556 |
|
| 852 |
_aES-MaACL _jL-8624 _bR.108941 |
||
| 999 |
_c25197 _d25197 |
||